000
00285nam a2200121Ia 4500
008
191201s2013 xx 000 0 und d
100
_a
OBRIEN,James A
245
0
_a
Management Information System
250
_a
10th
260
_c
2013
_b
TMH
_a
NEW DELHI
300
_a
954
942
_2
ddc
_c
BK
999
_c
7852
_d
7852